<?xml version="1.0" encoding="UTF-8"?>
<record
    xmlns:xsi="http://www.w3.org/2001/XMLSchema-instance"
    xsi:schemaLocation="http://www.loc.gov/MARC21/slim http://www.loc.gov/standards/marcxml/schema/MARC21slim.xsd"
    xmlns="http://www.loc.gov/MARC21/slim">

  <leader>01734    a2200253   4500</leader>
  <controlfield tag="001">39402</controlfield>
  <controlfield tag="005">20260407155652.0</controlfield>
  <controlfield tag="008">260407a2016    arg                 spa d</controlfield>
  <controlfield tag="003">AR-UNSa-BCEJYS</controlfield>
  <datafield tag="040" ind1=" " ind2=" ">
    <subfield code="a">AR-UNSa-BCEJYS</subfield>
    <subfield code="b">spa</subfield>
    <subfield code="c">AR-UNSa-BCEJYS</subfield>
  </datafield>
  <datafield tag="080" ind1=" " ind2=" ">
    <subfield code="a">620.9</subfield>
    <subfield code="x">Econom&#xED;a de la energ&#xED;a en general</subfield>
  </datafield>
  <datafield tag="245" ind1="1" ind2="0">
    <subfield code="a">Los desaf&#xED;os de la pol&#xED;tica energ&#xE9;tica argentina</subfield>
    <subfield code="p">panorama y propuestas</subfield>
  </datafield>
  <datafield tag="020" ind1=" " ind2=" ">
    <subfield code="a">978-987-02-9116-9</subfield>
  </datafield>
  <datafield tag="264" ind1=" " ind2="1">
    <subfield code="a">Buenos Aires :</subfield>
    <subfield code="b">Dunken</subfield>
    <subfield code="c">2016</subfield>
  </datafield>
  <datafield tag="300" ind1=" " ind2=" ">
    <subfield code="a">175 p.</subfield>
    <subfield code="c">22 cm.</subfield>
  </datafield>
  <datafield tag="505" ind1=" " ind2=" ">
    <subfield code="a">1. Una visi&#xF3;n integral del sector energ&#xE9;tico argentino: de las causas a las consecuencias de la ausencia de pol&#xED;tica energ&#xE9;tica de largo plazo - 2. Sector energ&#xE9;tico y medio ambiente: oportunidades en un contexto de cambio clim&#xE1;tico - 3. El bloqueo tecnol&#xF3;gico en el sector el&#xE9;ctrico argentino: barreras a la difusi&#xF3;n de las nuevas energ&#xED;as renovables - 4. Sistemas de innovaci&#xF3;n en tecnol&#xF3;gias energeticas: una aproximaci&#xF3;n al caso de los biocombustibles liquidos en argentina - 5. Tratamiento de los residuos org&#xE1;nicos agropecuarios y generaci&#xF3;n de biogas en Argentina - 6. Planeamiento y gobernanza en el desarrollo de las energ&#xED;as renovables para la inclusi&#xF3;n social - 7. La Argentina en el nuevo escenario energ&#xE9;tico mundial. Una visi&#xF3;n desde la geopol&#xED;tica de la energ&#xED;a - 8. Los nuevos desaf&#xED;os de las pol&#xED;ticas p&#xFA;blicas aplicadas al sistema energ&#xE9;tico ambiental argentino</subfield>
  </datafield>
  <datafield tag="041" ind1=" " ind2=" ">
    <subfield code="a">spa</subfield>
  </datafield>
  <datafield tag="942" ind1=" " ind2=" ">
    <subfield code="c">BK</subfield>
  </datafield>
  <datafield tag="590" ind1=" " ind2=" ">
    <subfield code="a">niveau_biblio:m niveau_hierar:0</subfield>
  </datafield>
  <datafield tag="100" ind1="1" ind2=" ">
    <subfield code="a">Guzowski, Carina</subfield>
  </datafield>
  <datafield tag="700" ind1="1" ind2=" ">
    <subfield code="a">Iba&#xF1;ez Mart&#xED;n, Mar&#xED;a Mar&#xED;a</subfield>
  </datafield>
  <datafield tag="700" ind1="1" ind2=" ">
    <subfield code="a">Rojas, Mara Leticia</subfield>
  </datafield>
  <datafield tag="856" ind1="4" ind2="1">
    <subfield code="u">https://biblioeco.unsa.edu.ar/pmb/images/libros/politicaEnergetica.jpg</subfield>
    <subfield code="y">Imagen de portada</subfield>
    <subfield code="q">image/jpeg</subfield>
  </datafield>
  <datafield tag="999" ind1=" " ind2=" ">
    <subfield code="c">3040</subfield>
    <subfield code="d">3040</subfield>
  </datafield>
  <datafield tag="952" ind1=" " ind2=" ">
    <subfield code="0">0</subfield>
    <subfield code="1">0</subfield>
    <subfield code="4">0</subfield>
    <subfield code="7">0</subfield>
    <subfield code="a">BCEJYS</subfield>
    <subfield code="b">BCEJYS</subfield>
    <subfield code="c">16</subfield>
    <subfield code="d">2026-04-07</subfield>
    <subfield code="l">0</subfield>
    <subfield code="o">620.9 G993</subfield>
    <subfield code="p">L125777</subfield>
    <subfield code="r">2026-04-07 15:56:52</subfield>
    <subfield code="w">2026-04-07</subfield>
    <subfield code="y">L</subfield>
  </datafield>
</record>
